| 000 | 00933cam a2200277 4500 | ||
|---|---|---|---|
| 001 | 4159421 | ||
| 003 | NUST - PNEC | ||
| 005 | 20170116181100.0 | ||
| 008 | 710414s1971 nyua b 001 0 eng | ||
| 010 | _a 78142713 | ||
| 020 | _a0471072966 | ||
| 040 |
_aDLC _cLIBRARY _dDLC |
||
| 050 | 0 | 0 |
_aQD381 _b.B52 1971 |
| 082 | 0 | 0 | _a547.84 BIL |
| 100 | 1 | _aBillmeyer, Fred W. | |
| 245 | 1 | 0 |
_aTextbook of polymer science _c[by] Fred W. Billmeyer, Jr. |
| 250 | _a2d ed. | ||
| 260 |
_aNew York, _bWiley-Interscience _c[1971] |
||
| 300 |
_axiv, 598 p. _billus. _c23 cm. |
||
| 504 | _aIncludes bibliographies. | ||
| 650 |
_912367 _bMechanical engineering _xME |
||
| 856 | 4 | 2 |
_3Publisher description _uhttp://www.loc.gov/catdir/enhancements/fy0607/78142713-d.html |
| 856 | 4 | 1 |
_3Table of contents only _uhttp://www.loc.gov/catdir/enhancements/fy0607/78142713-t.html |
| 906 |
_a7 _bcbc _corignew _d2 _encip _f19 _gy-gencatlg |
||
| 942 |
_2ddc _cBK |
||
| 999 |
_c68745 _d68745 |
||